000 00428nam a2200181Ia 4500
001 17718
005 20260306171537.0
008 260306s9999||||xx |||||||||||||| ||und||
041 _aESP
082 _a658.15
_bP11
100 _aPablo López, Andrés de
_eAUT
245 0 _aGestión financiera
260 _c2010
300 _axiii, 332 páginas :
_c24 cm.
650 _aGEN
654 _aCAN
942 _cLIB
_dJUS
_fJUS
_2ddc
_n
999 _c17718
_d17718